Little Mix Trivia - Statistics

General Stats
  • This quiz has been taken 2,344 times
    2,240 since last reset
  • The average score is 15 of 33
Answer Stats
Hint Answer % Correct
Who is the oldest member of the group? Jesy Nelson
97%
Who is the youngest member of the group? Perrie Edwards
97%
Which member of the group is close friends with Joe McElderry? Jade Thirlwall
95%
Which member of the group used to work at Pizza Hut? Leigh-Anne Pinnock
95%
Name Jesy's sister Jade
94%
What year did the girls win The X Factor? 2011
71%
Name the girls debut single Wings
67%
What boyband is her boyfriend from? One Direction
65%
Name the girls second single, debut album and tour DNA
63%
In the music video Change Your Life, what colour is Perrie's hair? Purple
63%
Who is Perrie's boyfriend? Zayn Malik
63%
Name the girls winning single Cannonball
61%
In the music video Change Your Life, what colour is Jade's hair? Blue
58%
Name their fourth single which features Missy Elliott How Ya Doin
56%
Who was the bands mentor whilst on The X-Factor? Tulisa
54%
Name the third single, this songs music video shows the bands journey on tour Change Your Life
53%
Jesy and Perrie have the same middle name. What is it? Louise
46%
What is Jades middle name? Amelia
45%
What was the girls original band name? Rhythmix
44%
When is Jade's birthday? 26 December
33%
When is Perrie's birthday? 10 July
28%
When is Jesy's birthday? 14 June
26%
When is Leigh-Anne's birthday? 4 October
25%
What dance troupe is her boyfriend from? Diversity
23%
Who was the runner up that year? Marcus Collins
19%
Name Jades brother Karl
18%
Name one of Leigh-Anns sisters Sarah/Sian-Louise
18%
Who originally sang that song? Damian Rice
14%
What is Perries brother called? Jonnie
14%
Who is Jesy's boyfriend? Jordan Banjo
13%
What is Leigh Anns midddle name? She doesnt have one
8%
Name one of Jesy's brothers Johnny/Joseph
7%
Which artist has Jade been compared to? Cheryl Cole
5%
No matching quizzes found
Score Distribution
Percent of People with Each Score
Percentile by Number Answered
Your Score History
You have not taken this quiz since the last reset